[Event "SVK-chT2B 1415"]
[Site "Slovakia"]
[Date "2015.03.08"]
[Round "11.1"]
[White "Zelovic, Marek"]
[Black "Hudoba, Ondrej"]
[Result "1/2-1/2"]
[WhiteElo "2015"]
[BlackElo "2187"]
[PlyCount "20"]
[EventDate "2014.10.11"]
[EventType "team-tourn"]
[EventRounds "11"]
[EventCountry "SVK"]
[SourceTitle "EXT 2019"]
[Source "ChessBase"]
[SourceDate "2018.10.10"]
[SourceVersion "1"]
[SourceVersionDate "2018.10.10"]
[SourceQuality "1"]
[WhiteTeam "Nitra NSK II"]
[BlackTeam "Levice"]
[WhiteTeamCountry "SVK"]
[BlackTeamCountry "SVK"]

1. d4 d5 2. c4 c5 3. cxd5 Qxd5 4. Nf3 cxd4 5. Nc3 Qa5 6. Nxd4 Nf6 7. Nb3 Qc7 8. g3 Nc6 9. Bg2 e5 10. 0-0 Bb4 1/2-1/2

[Event "SVK-chT2B 1415"]
[Site "Slovakia"]
[Date "2015.03.07"]
[Round "10.3"]
[White "Beres, Lukas"]
[Black "Zelovic, Marek"]
[Result "1-0"]
[WhiteElo "1997"]
[BlackElo "2015"]
[PlyCount "101"]
[EventDate "2014.10.11"]
[EventType "team-tourn"]
[EventRounds "11"]
[EventCountry "SVK"]
[SourceTitle "EXT 2019"]
[Source "ChessBase"]
[SourceDate "2018.10.10"]
[SourceVersion "1"]
[SourceVersionDate "2018.10.10"]
[SourceQuality "1"]
[WhiteTeam "Tlmace SK"]
[BlackTeam "Nitra NSK II"]
[WhiteTeamCountry "SVK"]
[BlackTeamCountry "SVK"]

1. e4 e6 2. d4 d5 3. Nd2 Nf6 4. e5 Nfd7 5. Bd3 c5 6. c3 Nc6 7. Ne2 cxd4 8. cxd4 Qb6 9. Nf3 f6 10. exf6 Nxf6 11. 0-0 Bd6 12. b3 0-0 13. Bb2 Bd7 14. Ng3 a5 15. a3 Kh8 16. Bc2 Be8 17. Qe2 Bf7 18. Rad1 Rae8 19. Ne5 Bxe5 20. dxe5 Nd7 21. Kh1 Ne7 22. Bd4 Qd8 23. Bd3 Bg6 24. Qg4 Bxd3 25. Rxd3 Nc6 26. Nh5 Qe7 27. Qe2 Nxd4 28. Rxd4 g6 29. Nf4 Qxa3 30. Qe3 Qe7 31. Nd3 b6 32. h4 Nc5 33. Ne1 Ne4 34. g3 Rc8 35. Kg2 Rc3 36. Rd3 Rc6 37. f3 Nc5 38. Rd4 Nd7 39. h5 g5 40. h6 Rf5 41. f4 Rc8 42. Nf3 gxf4 43. Rxf4 Rxf4 44. Qxf4 Rf8 45. Qg4 Rg8 46. Qh5 Rf8 47. Nd4 Rxf1 48. Kxf1 Nc5 49. Kg2 Ne4 50. Qf3 Nc5 51. Nc6 1-0

[Event "SVK-chT2B 1415"]
[Site "Slovakia"]
[Date "2015.02.01"]
[Round "7.2"]
[White "Zelovic, Marek"]
[Black "Nagy, Tomas"]
[Result "0-1"]
[WhiteElo "2015"]
[BlackElo "2226"]
[PlyCount "146"]
[EventDate "2014.10.11"]
[EventType "team-tourn"]
[EventRounds "11"]
[EventCountry "SVK"]
[SourceTitle "EXT 2019"]
[Source "ChessBase"]
[SourceDate "2018.10.10"]
[SourceVersion "1"]
[SourceVersionDate "2018.10.10"]
[SourceQuality "1"]
[WhiteTeam "Nitra NSK II"]
[BlackTeam "Sala Slovan Duslo"]
[WhiteTeamCountry "SVK"]
[BlackTeamCountry "SVK"]

1. d4 Nf6 2. c4 e6 3. Nf3 b6 4. g3 Bb7 5. Bg2 d5 6. cxd5 exd5 7. 0-0 Be7 8. Nc3 0-0 9. a3 Ne4 10. Ne5 Nd7 11. Bxe4 dxe4 12. Qc2 Nxe5 13. dxe5 Qd7 14. Nxe4 Qd5 15. f3 Qxe5 16. Bf4 Bxe4 17. Qxe4 Bc5+ 18. Kh1 Qxb2 19. Be5 Qb5 20. a4 Qe8 21. Bxc7 Qxe4 22. fxe4 Rac8 23. Bf4 Rfe8 24. e5 h6 25. h4 Bd4 26. Rad1 Bxe5 27. Rd7 Bxf4 28. Rxf4 Rxe2 29. Rdxf7 Rc1+ 30. Rf1 Rxf1+ 31. Rxf1 Ra2 32. Rf4 a5 33. Kg1 Rb2 34. Kf1 b5 35. axb5 Rxb5 36. Ke2 Kh7 37. Kd2 Kg6 38. Kc2 Kh5 39. Ra4 g5 40. hxg5 hxg5 41. Kd2 Kg6 42. Ke3 Kf5 43. Kf3 Ke5 44. Rg4 Kd6 45. Ke3 Kc6 46. Kd3 Kb6 47. Kc3 Rc5+ 48. Kb3 Kb5 49. Re4 Rd5 50. Rg4 Kc5 51. Kc3 Kd6 52. Kc4 Ke6 53. Re4+ Re5 54. Rd4 Kf5 55. g4+ Ke6 56. Kc3 Re3+ 57. Kd2 Ra3 58. Kc2 Ke5 59. Rc4 Re3 60. Kd2 Re4 61. Rc5+ Kf4 62. Rxa5 Kxg4 63. Rb5 Kh4 64. Rb8 g4 65. Rh8+ Kg3 66. Rf8 Kh3 67. Rh8+ Kg2 68. Rg8 g3 69. Rf8 Kh2 70. Rh8+ Kg1 71. Rg8 g2 72. Rh8 Kf2 73. Rf8+ Kg3 0-1

[Event "SVK-chT2B 1314"]
[Site "Slovakia"]
[Date "2014.03.15"]
[Round "10.4"]
[White "Masarik, Drahoslav"]
[Black "Zelovic, Marek"]
[Result "1-0"]
[WhiteElo "2034"]
[BlackElo "2036"]
[PlyCount "127"]
[EventDate "2013.10.19"]
[EventType "team-tourn"]
[EventRounds "11"]
[EventCountry "SVK"]
[SourceTitle "EXT 2015"]
[Source "ChessBase"]
[SourceDate "2014.11.20"]
[SourceVersion "1"]
[SourceVersionDate "2014.11.20"]
[SourceQuality "1"]
[WhiteTeam "Trencin II"]
[BlackTeam "Nitra NSK II"]
[WhiteTeamCountry "SVK"]
[BlackTeamCountry "SVK"]

1. Nf3 Nf6 2. c4 e6 3. Nc3 b6 4. d4 Bb7 5. Qc2 d5 6. cxd5 exd5 7. Bg5 Be7 8. e3 0-0 9. Bd3 h6 10. Bh4 Nbd7 11. 0-0 c5 12. dxc5 bxc5 13. Be2 Rc8 14. Rfd1 Qb6 15. Rd2 Qe6 16. Rad1 Nb6 17. Bg3 Nh5 18. Nh4 Nxg3 19. hxg3 Bxh4 20. gxh4 Rfd8 21. Bf3 Rd7 22. b3 g5 23. Ne2 f5 24. g3 Rg7 25. h5 Rf8 26. Kh2 f4 27. exf4 gxf4 28. gxf4 Qf6 29. Ng3 Qxf4 30. Bg2 Qh4+ 31. Kg1 Qf4 32. Qxc5 Rc7 33. Qd4 Qxd4 34. Rxd4 Rc2 35. R4d2 Rc7 36. a4 a5 37. Rd4 Rc3 38. R4d3 Rc2 39. R1d2 Rc1+ 40. Kh2 Rc7 41. Re3 Rcf7 42. Re6 Rf6 43. Rde2 Bc8 44. Rxf6 Rxf6 45. Bh3 Ba6 46. Re6 Rxe6 47. Bxe6+ Kg7 48. Kg2 Kf6 49. Bf5 Kg5 50. Kf3 Nc8 51. Ke3 Ne7 52. Bd7 Ng8 53. Bb5 Bc8 54. Kd4 Nf6 55. Be2 Kf4 56. Nf1 Bf5 57. Ne3 Be4 58. f3 Bxf3 59. Bxf3 Kxf3 60. Nxd5 Nxd5 61. Kxd5 Kg4 62. b4 axb4 63. Kc4 Kxh5 64. a5 1-0

[Event "SVK-chT2B 1314"]
[Site "Slovakia"]
[Date "2014.01.12"]
[Round "6.4"]
[White "Pinterova, Karolina"]
[Black "Zelovic, Marek"]
[Result "1/2-1/2"]
[WhiteElo "2037"]
[BlackElo "2036"]
[PlyCount "91"]
[EventDate "2013.10.19"]
[EventType "team-tourn"]
[EventRounds "11"]
[EventCountry "SVK"]
[SourceTitle "EXT 2015"]
[Source "ChessBase"]
[SourceDate "2014.11.20"]
[SourceVersion "1"]
[SourceVersionDate "2014.11.20"]
[SourceQuality "1"]
[WhiteTeam "Topolcianky"]
[BlackTeam "Nitra NSK II"]
[WhiteTeamCountry "SVK"]
[BlackTeamCountry "SVK"]

1. d4 e6 2. c4 d5 3. Nc3 Nf6 4. cxd5 exd5 5. Bg5 Be7 6. e3 c6 7. Bd3 0-0 8. Nge2 Nbd7 9. 0-0 Re8 10. Qc2 Nf8 11. Rac1 Ne4 12. Bf4 g5 13. Be5 f6 14. Bg3 f5 15. f3 Nxc3 16. bxc3 Qd7 17. e4 f4 18. Bf2 Qd6 19. Kh1 Ng6 20. e5 Qe6 21. g3 Qf7 22. gxf4 Nxf4 23. Nxf4 gxf4 24. c4 Qh5 25. Qe2 Be6 26. Rb1 Rab8 27. Be1 Kh8 28. Bd2 Qh4 29. Rg1 b6 30. cxd5 cxd5 31. Ba6 Rg8 32. Rxg8+ Rxg8 33. Rg1 Rxg1+ 34. Kxg1 Bh3 35. Bb7 Qg5+ 36. Kh1 Qg6 37. Bxd5 Qb1+ 38. Qe1 Qd3 39. Qg1 Bg5 40. Bxf4 h6 41. Bxg5 hxg5 42. Be4 Qe2 43. Bd5 Be6 44. Ba8 Bh3 45. Bd5 Be6 46. Bxe6 1/2-1/2

[Event "SVK-chT1W 1314"]
[Site "Slovakia"]
[Date "2013.12.15"]
[Round "6.8"]
[White "Mesaros, Jan"]
[Black "Zelovic, Marek"]
[Result "0-1"]
[WhiteElo "1828"]
[BlackElo "2036"]
[PlyCount "45"]
[EventDate "2013.10.12"]
[EventType "team-tourn"]
[EventRounds "11"]
[EventCountry "SVK"]
[SourceTitle "EXT 2015"]
[Source "ChessBase"]
[SourceDate "2014.11.20"]
[SourceVersion "1"]
[SourceVersionDate "2014.11.20"]
[SourceQuality "1"]
[WhiteTeam "Levice"]
[BlackTeam "Nitra"]
[WhiteTeamCountry "SVK"]
[BlackTeamCountry "SVK"]

1. c4 e6 2. Nf3 d5 3. d4 Nf6 4. Bg5 Be7 5. e3 0-0 6. Bd3 Nbd7 7. 0-0 h6 8. Bxf6 Nxf6 9. Nc3 c5 10. Qe2 a6 11. a4 b6 12. Rac1 Bb7 13. Rfd1 Qe8 14. Ne5 cxd4 15. exd4 Bb4 16. cxd5 Bxc3 17. bxc3 Bxd5 18. Bxa6 Qxa4 19. Bb5 Qa3 20. h3 Ne4 21. Qe3 Qb2 22. Bd3 f5 23. Qe2 0-1

[Event "SVK-chT1W 1314"]
[Site "Slovakia"]
[Date "2013.11.17"]
[Round "4.8"]
[White "Hlubovic, Michal"]
[Black "Zelovic, Marek"]
[Result "0-1"]
[WhiteElo "1782"]
[BlackElo "2036"]
[PlyCount "74"]
[EventDate "2013.10.12"]
[EventType "team-tourn"]
[EventRounds "11"]
[EventCountry "SVK"]
[SourceTitle "EXT 2015"]
[Source "ChessBase"]
[SourceDate "2014.11.20"]
[SourceVersion "1"]
[SourceVersionDate "2014.11.20"]
[SourceQuality "1"]
[WhiteTeam "Modra"]
[BlackTeam "Nitra"]
[WhiteTeamCountry "SVK"]
[BlackTeamCountry "SVK"]

1. f4 d5 2. b3 c5 3. Nf3 Nc6 4. e3 Bg4 5. Be2 Nf6 6. Bb2 e6 7. 0-0 Be7 8. d3 0-0 9. Nbd2 b5 10. a3 Qb6 11. h3 Bxf3 12. Nxf3 d4 13. e4 c4 14. Qe1 c3 15. Bc1 Nxe4 16. dxe4 d3+ 17. Kh1 dxe2 18. Qxe2 Rfd8 19. b4 a5 20. Be3 Qb7 21. Bc5 Bxc5 22. bxc5 Nd4 23. Nxd4 Rxd4 24. Rab1 b4 25. Rfe1 Qc6 26. axb4 axb4 27. Ra1 Rxa1 28. Rxa1 h6 29. Ra5 Rxe4 30. Qb5 Re1+ 31. Kh2 Qe4 32. Qe8+ Kh7 33. Qxf7 Re2 34. Kg3 Rxg2+ 35. Kh4 Qe1+ 36. Kh5 Qe2+ 37. Kh4 Rg4+ 0-1

[Event "SVK-chT2B 1314"]
[Site "Slovakia"]
[Date "2013.10.20"]
[Round "2.4"]
[White "Beres, Dominik"]
[Black "Zelovic, Marek"]
[Result "1-0"]
[WhiteElo "2057"]
[BlackElo "2036"]
[PlyCount "67"]
[EventDate "2013.10.19"]
[EventType "team-tourn"]
[EventRounds "11"]
[EventCountry "SVK"]
[SourceTitle "EXT 2015"]
[Source "ChessBase"]
[SourceDate "2014.11.20"]
[SourceVersion "1"]
[SourceVersionDate "2014.11.20"]
[SourceQuality "1"]
[WhiteTeam "Tlmace"]
[BlackTeam "Nitra NSK II"]
[WhiteTeamCountry "SVK"]
[BlackTeamCountry "SVK"]

1. e4 e6 2. d4 d5 3. Nd2 Nf6 4. e5 Nfd7 5. Bd3 c5 6. c3 Nc6 7. Ne2 cxd4 8. cxd4 Qb6 9. Nf3 f6 10. exf6 Nxf6 11. 0-0 Bd6 12. h3 0-0 13. b3 Bd7 14. Be3 Rac8 15. Ne5 Qc7 16. f4 Nb4 17. Rc1 Qa5 18. f5 Rxc1 19. Nxc1 Nxd3 20. Nxd7 Nxd7 21. fxe6 Nxc1 22. exd7 Qc7 23. Rxf8+ Bxf8 24. Qg4 Qd6 25. Bxc1 Be7 26. Bf4 Qf6 27. Be5 Qf7 28. Bc7 Qf6 29. d8Q+ Bxd8 30. Qc8 Qxd4+ 31. Kh2 Qe4 32. Qxd8+ Kf7 33. Qd7+ Kg6 34. Qg4+ 1-0

[Event "SVK-chT2B 1213"]
[Site "Slovakia"]
[Date "2013.03.17"]
[Round "11.3"]
[White "Zelovic, Marek"]
[Black "Jakubec, Milan"]
[Result "0-1"]
[WhiteElo "2058"]
[BlackElo "2069"]
[PlyCount "84"]
[EventDate "2012.10.13"]
[EventType "team-tourn"]
[EventRounds "11"]
[EventCountry "SVK"]
[SourceTitle "EXT 2015"]
[Source "ChessBase"]
[SourceDate "2014.11.20"]
[SourceVersion "1"]
[SourceVersionDate "2014.11.20"]
[SourceQuality "1"]
[WhiteTeam "Nitra II"]
[BlackTeam "Myjava Spartak"]
[WhiteTeamCountry "SVK"]
[BlackTeamCountry "SVK"]

1. d4 d5 2. c4 e6 3. Nf3 Nf6 4. Bg5 c6 5. Nc3 Nbd7 6. e3 Qa5 7. Bxf6 Nxf6 8. Qb3 Ne4 9. Bd3 Nxc3 10. bxc3 dxc4 11. Bxc4 Bd6 12. e4 b5 13. Bd3 a6 14. 0-0 c5 15. c4 b4 16. e5 Be7 17. d5 Qb6 18. a3 a5 19. axb4 cxb4 20. d6 Bd8 21. Be4 Rb8 22. c5 Qxc5 23. Rfc1 Qa7 24. Bc6+ Bd7 25. Qa4 Bb6 26. Ra2 Bxc6 27. Rxc6 0-0 28. Qb3 Qb7 29. Rac2 Qd7 30. h4 h6 31. g4 Rfc8 32. Rxc8+ Rxc8 33. Rxc8+ Qxc8 34. Qa4 Kf8 35. g5 Qc5 36. Qa2 b3 37. Qxb3 Qxf2+ 38. Kh1 hxg5 39. hxg5 a4 40. Qd3 Qe3 41. Qd1 Qb3 42. Qe2 a3 0-1

[Event "SVK-chT2B 1213"]
[Site "Slovakia"]
[Date "2013.02.16"]
[Round "8.6"]
[White "Zelovic, Marek"]
[Black "Blazek, Milos"]
[Result "1/2-1/2"]
[WhiteElo "2058"]
[BlackElo "2054"]
[PlyCount "29"]
[EventDate "2012.10.13"]
[EventType "team-tourn"]
[EventRounds "11"]
[EventCountry "SVK"]
[SourceTitle "EXT 2015"]
[Source "ChessBase"]
[SourceDate "2014.11.20"]
[SourceVersion "1"]
[SourceVersionDate "2014.11.20"]
[SourceQuality "1"]
[WhiteTeam "Nitra II"]
[BlackTeam "Trencin II"]
[WhiteTeamCountry "SVK"]
[BlackTeamCountry "SVK"]

1. d4 d5 2. c4 e6 3. Nf3 Nf6 4. Nc3 Be7 5. Bg5 0-0 6. e3 h6 7. Bh4 b6 8. Be2 Bb7 9. Rc1 Nbd7 10. 0-0 c5 11. h3 Rc8 12. Bg3 a6 13. dxc5 Nxc5 14. cxd5 Nxd5 15. a3 1/2-1/2

[Event "SVK-chT2B 1213"]
[Site "Slovakia"]
[Date "2012.12.02"]
[Round "4"]
[White "Zelovic, Marek"]
[Black "Beres, Dominik"]
[Result "1/2-1/2"]
[WhiteElo "2058"]
[BlackElo "2099"]
[PlyCount "25"]
[EventDate "2012.10.13"]
[EventType "team-tourn"]
[EventRounds "11"]
[EventCountry "SVK"]
[SourceTitle "EXT 2015"]
[Source "ChessBase"]
[SourceDate "2014.11.20"]
[SourceVersion "1"]
[SourceVersionDate "2014.11.20"]
[SourceQuality "1"]
[WhiteTeam "Nitra II"]
[BlackTeam "Tlmace"]
[WhiteTeamCountry "SVK"]
[BlackTeamCountry "SVK"]

1. d4 Nf6 2. c4 e5 3. d5 Bc5 4. e3 0-0 5. Nc3 d6 6. h3 Re8 7. Bd3 Nbd7 8. a3 a6 9. Qc2 Nf8 10. b4 Ba7 11. Nge2 Bd7 12. Ng3 c6 13. 0-0 1/2-1/2

[Event "SVK-chT2B 1112"]
[Site "Slovakia"]
[Date "2012.01.07"]
[Round "7.6"]
[White "Szucs, Vladimir"]
[Black "Zelovic, Marek"]
[Result "1-0"]
[WhiteElo "2152"]
[BlackElo "2044"]
[PlyCount "65"]
[EventDate "2011.10.08"]
[EventType "team-tourn"]
[EventRounds "11"]
[EventCountry "SVK"]
[SourceTitle "EXT 2013"]
[Source "ChessBase"]
[SourceDate "2012.11.22"]
[SourceVersion "1"]
[SourceVersionDate "2012.11.22"]
[SourceQuality "1"]
[WhiteTeam "Surany Lokomotiva"]
[BlackTeam "Nitra NSK"]
[WhiteTeamCountry "SVK"]
[BlackTeamCountry "SVK"]

1. Nf3 d5 2. d4 Nf6 3. c4 e6 4. Nc3 Be7 5. Bg5 0-0 6. cxd5 exd5 7. Qc2 c6 8. e3 h6 9. Bh4 Be6 10. Bd3 Nbd7 11. 0-0 Rc8 12. Rac1 c5 13. Bf5 c4 14. Bxe6 fxe6 15. Rfe1 Bb4 16. Ne5 Qe8 17. Ng6 Rf7 18. Bg3 Bxc3 19. bxc3 Ne4 20. Rb1 Rf6 21. Nf4 g5 22. Ne2 Nb6 23. Rb4 h5 24. f3 Nxg3 25. Nxg3 h4 26. Nf1 Qh5 27. a4 Rc7 28. Reb1 Rff7 29. h3 Nc8 30. Nh2 Nd6 31. Ng4 Nf5 32. Rxb7 Nxe3 33. Rb8+ 1-0

[Event "SVK-chT1W 1112"]
[Site "Slovakia"]
[Date "2011.10.15"]
[Round "1.7"]
[White "Zelovic, Marek"]
[Black "Diviak, Rastislav"]
[Result "1/2-1/2"]
[WhiteElo "2044"]
[BlackElo "2020"]
[PlyCount "33"]
[EventDate "2011.10.15"]
[EventType "team-tourn"]
[EventRounds "11"]
[EventCountry "SVK"]
[SourceTitle "EXT 2013"]
[Source "ChessBase"]
[SourceDate "2012.11.22"]
[SourceVersion "1"]
[SourceVersionDate "2012.11.22"]
[SourceQuality "1"]
[WhiteTeam "Nitra"]
[BlackTeam "Osuske"]
[WhiteTeamCountry "SVK"]
[BlackTeamCountry "SVK"]

1. d4 d5 2. c4 e6 3. Nc3 c6 4. Nf3 Nf6 5. Bg5 Nbd7 6. e3 Qa5 7. Bxf6 Nxf6 8. a3 Be7 9. Bd3 0-0 10. 0-0 dxc4 11. Bxc4 Bd6 12. Qe2 e5 13. dxe5 Bxe5 14. Nxe5 Qxe5 15. h3 Be6 16. Rfd1 Rad8 17. Bxe6 1/2-1/2

[Event "SVK-chT2B 1112"]
[Site "Slovakia"]
[Date "2011.10.09"]
[Round "2.3"]
[White "Masarik, Drahoslav"]
[Black "Zelovic, Marek"]
[Result "0-1"]
[WhiteElo "2027"]
[BlackElo "2044"]
[PlyCount "74"]
[EventDate "2011.10.08"]
[EventType "team-tourn"]
[EventRounds "11"]
[EventCountry "SVK"]
[SourceTitle "EXT 2013"]
[Source "ChessBase"]
[SourceDate "2012.11.22"]
[SourceVersion "1"]
[SourceVersionDate "2012.11.22"]
[SourceQuality "1"]
[WhiteTeam "Trencin SK II"]
[BlackTeam "Nitra NSK"]
[WhiteTeamCountry "SVK"]
[BlackTeamCountry "SVK"]

1. Nf3 d5 2. d4 Nf6 3. c4 e6 4. Nc3 c6 5. cxd5 exd5 6. Bf4 Bf5 7. Qb3 Qb6 8. Qxb6 axb6 9. e3 Bb4 10. Nd2 Nbd7 11. Be2 0-0 12. 0-0 Bxc3 13. bxc3 b5 14. Bd6 Rfe8 15. h3 h6 16. g4 Bg6 17. Kh2 Re6 18. Bf4 Ra3 19. Rfe1 Ne4 20. Nxe4 Bxe4 21. Bd1 Bd3 22. g5 hxg5 23. Bxg5 Nf6 24. Bf4 Ne4 25. Bg4 Re8 26. Kg2 Nxc3 27. Bd6 Rxa2 28. Rxa2 Nxa2 29. Ra1 Bc4 30. Bf5 b4 31. Kf3 b3 32. Rg1 f6 33. h4 Nc3 34. Bb4 Ne4 35. Ra1 Bd3 36. Bg4 b2 37. Rg1 Ra8 0-1

[Event "SVK-chT2B 10/11"]
[Site "Slovakia"]
[Date "2011.02.05"]
[Round "6.5"]
[White "Zelovic, Marek"]
[Black "Pinterova, Karolina"]
[Result "1/2-1/2"]
[WhiteElo "2032"]
[BlackElo "2067"]
[PlyCount "93"]
[EventDate "2010.10.23"]
[EventType "team-tourn"]
[EventRounds "11"]
[EventCountry "SVK"]
[SourceTitle "EXT 2019"]
[Source "ChessBase"]
[SourceDate "2018.10.10"]
[SourceVersion "1"]
[SourceVersionDate "2018.10.10"]
[SourceQuality "1"]
[WhiteTeam "Nitra NSK II"]
[BlackTeam "Topolcianky SK"]
[WhiteTeamCountry "SVK"]
[BlackTeamCountry "SVK"]

1. d4 d5 2. c4 c6 3. Nc3 Nf6 4. Nf3 a6 5. cxd5 cxd5 6. Bf4 Nc6 7. e3 e6 8. a3 Be7 9. Bd3 0-0 10. 0-0 b5 11. b4 Bb7 12. Qe2 Ne8 13. Nd2 Nd6 14. Bxd6 Bxd6 15. f4 Ne7 16. Nf3 f6 17. g4 Bc8 18. g5 Ra7 19. Rf2 Rc7 20. Rc1 Ng6 21. Bxg6 hxg6 22. Nh4 fxg5 23. Nxg6 Rf6 24. Qh5 Qe8 25. Qh8+ Kf7 26. fxg5 Rxf2 27. Qxe8+ Kxe8 28. Kxf2 Bxh2 29. Nf4 Rc4 30. Kf3 e5 31. Nfe2 exd4 32. exd4 Be6 33. Nd1 Bd6 34. Ne3 Rxc1 35. Nxc1 Kf7 36. Nd3 Bc8 37. Nf4 Bb7 38. Nf5 Bf8 39. Nd3 Ke6 40. Kg4 Bc6 41. Nf4+ Kf7 42. Ne3 g6 43. Nfxd5 Bxd5 44. Nxd5 Bg7 45. Nc7 Bxd4 46. Nxa6 Bb2 47. Nc7 1/2-1/2

[Event "SVK-chT2B 10/11"]
[Site "Slovakia"]
[Date "2011.01.08"]
[Round "5.5"]
[White "Spik, Peter"]
[Black "Zelovic, Marek"]
[Result "1/2-1/2"]
[WhiteElo "2054"]
[BlackElo "2032"]
[PlyCount "144"]
[EventDate "2010.10.23"]
[EventType "team-tourn"]
[EventRounds "11"]
[EventCountry "SVK"]
[SourceTitle "EXT 2019"]
[Source "ChessBase"]
[SourceDate "2018.10.10"]
[SourceVersion "1"]
[SourceVersionDate "2018.10.10"]
[SourceQuality "1"]
[WhiteTeam "Sala Slovan Duslo"]
[BlackTeam "Nitra NSK II"]
[WhiteTeamCountry "SVK"]
[BlackTeamCountry "SVK"]

1. d4 e6 2. g3 d5 3. Bg2 Nf6 4. Nf3 c5 5. e3 Be7 6. 0-0 Nc6 7. a3 0-0 8. dxc5 Bxc5 9. b4 Be7 10. Bb2 b5 11. Nbd2 a5 12. bxa5 Rxa5 13. Nb3 Ra4 14. Nfd4 Nxd4 15. Nxd4 Qb6 16. Qd2 Bd7 17. Rfb1 Rfa8 18. Bf1 Ne4 19. Qe1 e5 20. Nb3 f6 21. Nd2 Ng5 22. Qd1 Bc6 23. Bc1 Bxa3 24. Rxa3 Rxa3 25. Bxa3 Rxa3 26. Qg4 Ra8 27. h4 Nf7 28. c4 dxc4 29. Bxc4 Qc5 30. Bb3 Bd5 31. Ne4 Bxe4 32. Qxe4 Rc8 33. Rd1 Qe7 34. Qd5 b4 35. Qb5 Rd8 36. Ra1 Kh8 37. Ra4 Nh6 38. Rxb4 Nf5 39. Qc4 Nd6 40. Qd5 f5 41. Rb6 h6 42. Rc6 Ne4 43. Qa5 Nd6 44. Rc7 Qf6 45. Qb6 f4 46. exf4 exf4 47. Bc2 fxg3 48. fxg3 Rf8 49. Bd3 Qe5 50. Kh2 Qe1 51. Rc2 Qe5 52. Rc6 Nf5 53. Rg6 Re8 54. Qb7 Ne7 55. Rg4 Rb8 56. Qe4 Qxe4 57. Rxe4 Nd5 58. Rd4 Nf6 59. Kh3 Re8 60. Bg6 Rb8 61. g4 Rb3+ 62. Kg2 Rb8 63. Kf3 Nh7 64. Kf4 Nf8 65. Bf7 g6 66. g5 Kg7 67. Bd5 hxg5+ 68. hxg5 Rc8 69. Rb4 Rc7 70. Ra4 Re7 71. Ra6 Nh7 72. Ra8 Nf8 1/2-1/2

[Event "SVK-chT2B 10/11"]
[Site "Slovakia"]
[Date "2010.12.04"]
[Round "3.2"]
[White "Zelovic, Marek"]
[Black "Horn, Jozef"]
[Result "1-0"]
[WhiteElo "2032"]
[BlackElo "2047"]
[PlyCount "55"]
[EventDate "2010.10.23"]
[EventType "team-tourn"]
[EventRounds "11"]
[EventCountry "SVK"]
[SourceTitle "EXT 2019"]
[Source "ChessBase"]
[SourceDate "2018.10.10"]
[SourceVersion "1"]
[SourceVersionDate "2018.10.10"]
[SourceQuality "1"]
[WhiteTeam "Nitra NSK II"]
[BlackTeam "Partizanske SK Neomax"]
[WhiteTeamCountry "SVK"]
[BlackTeamCountry "SVK"]

1. d4 d5 2. c4 Nf6 3. Nc3 Nc6 4. Nf3 e6 5. Bg5 Be7 6. e3 0-0 7. a3 h6 8. Bh4 a5 9. Qc2 Ne8 10. Bxe7 Nxe7 11. Rd1 c6 12. Be2 Qc7 13. 0-0 f5 14. Ne5 Rf6 15. f4 g5 16. c5 b5 17. cxb6 Qxb6 18. Na4 Qc7 19. Nc5 Nd6 20. Rc1 Rb8 21. Ba6 Ne4 22. Bxc8 Nxc5 23. Qxc5 Rxc8 24. b4 axb4 25. axb4 Qb7 26. Ra1 Ng6 27. Nxg6 Rxg6 28. Ra7 1-0

[Event "SVK-chT1W 1011"]
[Site "Slovakia"]
[Date "2010.11.06"]
[Round "1.7"]
[White "Zelovic, Marek"]
[Black "Oprea, Erik"]
[Result "1-0"]
[WhiteElo "2032"]
[BlackElo "2137"]
[PlyCount "139"]
[EventDate "2010.11.06"]
[EventType "team-tourn"]
[EventRounds "11"]
[EventCountry "SVK"]
[SourceTitle "EXT 2012"]
[Source "ChessBase"]
[SourceDate "2011.11.24"]
[SourceVersion "1"]
[SourceVersionDate "2011.11.24"]
[SourceQuality "1"]
[WhiteTeam "Nitra"]
[BlackTeam "Bratislava Slovan III"]
[WhiteTeamCountry "SVK"]
[BlackTeamCountry "SVK"]

1. d4 d6 2. c4 c6 3. Nc3 Qc7 4. e4 e5 5. d5 Nf6 6. Nf3 Be7 7. Be2 Nbd7 8. 0-0 Nf8 9. Bd2 Ng6 10. b4 h6 11. dxc6 bxc6 12. b5 c5 13. a4 Bb7 14. Bd3 Nf4 15. Bxf4 exf4 16. Re1 Rd8 17. Ra2 0-0 18. Rae2 Nd7 19. Nd5 Bxd5 20. exd5 Bf6 21. Qc2 Ne5 22. Be4 Rfe8 23. h3 Nxf3+ 24. Bxf3 Rxe2 25. Rxe2 Be5 26. Qd2 Kf8 27. Re1 Qe7 28. Rb1 Qf6 29. Rb3 Re8 30. a5 Bd4 31. b6 Qe7 32. Kf1 Bf6 33. b7 Rb8 34. a6 Qe5 35. Rb1 Bd8 36. Re1 Qf6 37. Bg4 Bc7 38. Bd7 Rd8 39. Bc6 f3 40. Qe3 fxg2+ 41. Kxg2 Qe5 42. f4 Qxe3 43. Rxe3 Bb8 44. Kg3 Bc7 45. Kg4 Ba5 46. Ba4 g6 47. f5 h5+ 48. Kg3 gxf5 49. Rf3 Ke7 50. Rxf5 Be1+ 51. Kf4 h4 52. Rh5 Bd2+ 53. Kf5 Be1 54. Rh7 Rf8 55. Bd1 Kd7 56. Kf6 Kc7 57. Ke7 Rb8 58. Rxf7 Bg3 59. Ba4 Rg8 60. Ke6+ Kb8 61. Kd7 Rh8 62. Ke7 Kc7 63. Be8 Be5 64. Ke6+ Kb8 65. Kd7 Rg8 66. Kd8 Rg7 67. Rf8 Rh7 68. Bf7 Rh8 69. Bg8 Bf6+ 70. Kd7+ 1-0

[Event "SVK-chT1W 0910"]
[Site "Slovakia"]
[Date "2010.03.06"]
[Round "10.5"]
[White "Dugovic, Branislav"]
[Black "Zelovic, Marek"]
[Result "1/2-1/2"]
[WhiteElo "2149"]
[BlackElo "2040"]
[PlyCount "47"]
[EventDate "2009.10.17"]
[EventType "team"]
[EventRounds "11"]
[EventCountry "SVK"]
[SourceTitle "EXT 2011"]
[Source "ChessBase"]
[SourceDate "2010.11.26"]
[SourceVersion "1"]
[SourceVersionDate "2010.11.26"]
[SourceQuality "1"]
[WhiteTeam "Modra"]
[BlackTeam "Nitra NSK II"]
[WhiteTeamCountry "SVK"]
[BlackTeamCountry "SVK"]

1. Nf3 e6 2. b3 d5 3. Bb2 Nf6 4. e3 c5 5. d4 a6 6. Nbd2 Nc6 7. a3 Be7 8. Bd3 0-0 9. 0-0 b6 10. Ne5 Nxe5 11. dxe5 Nd7 12. Qh5 g6 13. Qe2 f5 14. f4 Bb7 15. c4 d4 16. Nf3 dxe3 17. Qxe3 Qc7 18. Rfd1 Rad8 19. Rd2 Nb8 20. Rad1 Nc6 21. Kf1 Na5 22. Bc2 Rxd2 23. Rxd2 Rd8 24. Rd3 1/2-1/2